000 00632nam a22001937a 4500
005 20170630153811.0
010 _aENG-118693
020 _a9789380318820
_c1295.00
035 _aEN-102225
037 _bDBAD/PUB
082 _a355.033051
100 _aMehta, j.n.
245 _aChina and South Asia:
_cby j.N. Mehta
_bstrategy in 21st century /
260 _aNew Delhi
_bNeha publishers and distributors
_c2016
270 _a4832/24,prahlad lanc,S-207 ansari road, daryaganj,
300 _a296.p.
_c22cm.(Hbk)
500 _aincludes bibliographical references and index
942 _2ddc
_cEN
_h355.033051
_mMEH
999 _c141188
_d141188